| 000 | 01282nam a2200385 a 4500 | ||
|---|---|---|---|
| 001 | 22694 | ||
| 003 | SK-KTurca | ||
| 005 | 20260420162912.0 | ||
| 008 | 240318s2010 xo a b 000 fdslo | ||
| 015 | _aSNBA2010/07-05084 | ||
| 020 |
_a9788010018246 _q(viaz.) |
||
| 035 | _a4E5ABD0A-41EA-4C99-9AAF-19E52EA14D6A | ||
| 035 | _aurn:nbn:sk:snk-amjfr8 | ||
| 035 | _aurn:nbn:sk:snk-am001ri9 | ||
| 040 |
_aVTHK _bslo _cVTHK _dSNK _dSVKBB _eAACR2 |
||
| 041 | 0 | _aslo | |
| 044 |
_axo _cSK |
||
| 072 | 7 |
_a821.162.4-3 _xSlovenská próza _2konspekt |
|
| 072 | 7 |
_a821-93 _xLiteratúra pre deti a mládež _2konspekt |
|
| 080 |
_a821.162.4-32 _22001 |
||
| 080 |
_a821-93 _22001 |
||
| 100 | 1 |
_aFutová, Gabriela, _d1971- _4aut |
|
| 245 | 1 | 0 |
_aNaša mama je bosorka! _cGabriela Futová ; [ilustrácie Katarína Slaninková] |
| 250 | _a3. vyd. | ||
| 260 |
_aBratislava _bMladé letá _c2010 |
||
| 300 |
_a91 s. _bilustr. (prevažne fareb.) _c24 cm |
||
| 655 | 7 |
_aslovenské príbehy _2SNKPH |
|
| 655 | 7 |
_apublikácie pre deti _2SNKPH |
|
| 700 | 1 |
_aSlaninková, Katarína, _d1975- _4ill |
|
| 942 |
_2ddc _cKLDE _n0 |
||
| 980 | _a821.162.4-32 | ||
| 980 | _a821-93 | ||
| 999 |
_c22694 _d22694 |
||